000 00720cab a2200217 4500
001 ABS53278
008 090401t1995 xxu||||| |||| 00| 0 eng d
035 _a(Sirsi) u3200
041 _aeng
100 _aBingham, T.
245 2 _aA running jump for judges
260 _c1995
350 _a0
490 _aBuilding
_v260(7900) 14 July 1995, 38-39(2)
520 _aCriticises proposals in the Woolf report, "Access to Justice", to make judges trial managers. The author doubts sufficient consideration has been given to the necessary skills and time required for an effective management role.
650 _aCIVIL JUSTICE SYSTEM
650 _aWOOLF REPORT
690 _aLAW
942 _n0
948 _c04/03/1997
999 _c1954
_d1954